[Event "Schachfestival Basel"]
[Site "?"]
[Date "2017.01.04"]
[Round "4.43"]
[White "Sieber, Fiona"]
[Black "Kaeppeli, Adriano"]
[Result "0-1"]
[WhiteElo "2203"]
[BlackElo "1952"]
[PlyCount "70"]
[EventDate "2017.01.??"]
[EventType "swiss"]
[EventRounds "9"]

1. e4 e5 2. Nf3 Nc6 3. Bc4 Bc5 4. c3 Nf6 5. d3 a6 6. O-O Ba7 7. Re1 d6 8. a4
O-O 9. h3 Be6 10. Nbd2 Ne7 11. Qb3 Bxc4 12. Nxc4 Qd7 13. Bg5 Ng6 14. Bxf6 gxf6
15. Ne3 Nf4 16. Nh4 Kh8 17. Nhf5 Rg8 18. g3 Nxd3 19. Red1 Nc5 20. Qc2 Rg6 21.
b4 Ne6 22. Ng4 Rag8 23. Kh2 Ng5 24. Nh4 h5 25. Nxg6+ Rxg6 26. f4 Nf3+ 27. Kg2
hxg4 28. f5 Rh6 29. Rh1 Ng5 30. hxg4 Rxh1 31. Rxh1+ Kg7 32. a5 Qc6 33. Re1 d5
34. Re2 dxe4 35. c4 e3+ 0-1

[Event "Schachfestival Basel"]
[Site "?"]
[Date "2017.01.04"]
[Round "4.44"]
[White "Harringer, Manfred"]
[Black "Schleich, Markus"]
[Result "1/2-1/2"]
[WhiteElo "2009"]
[BlackElo "2196"]
[PlyCount "169"]
[EventDate "2017.01.??"]
[EventType "swiss"]
[EventRounds "9"]

1. e4 g6 2. d4 Bg7 3. Nf3 d6 4. Be2 Nf6 5. Nc3 O-O 6. O-O c6 7. a4 Qc7 8. h3
Nbd7 9. Be3 b6 10. Qd2 Rb8 11. Bh6 e5 12. Bxg7 Kxg7 13. Rfd1 Re8 14. d5 Nc5 15.
Qe3 cxd5 16. exd5 Qe7 17. Bb5 Rf8 18. Nd4 Qc7 19. Nc6 Ra8 20. b4 Ncd7 21. a5 a6
22. Bc4 bxa5 23. Nxa5 Nb6 24. Bb3 Bd7 25. Rd2 Nh5 26. Ba4 f5 27. Bc6 f4 28. Qf3
Nf6 29. b5 Ra7 30. bxa6 Rxa6 31. Qd3 Qa7 32. Nb5 Rxa5 33. Nxa7 Rxa1+ 34. Rd1
Rxa7 35. Qb5 Nc8 36. Kh2 Rf7 37. Qb8 Bxc6 38. dxc6 Rac7 39. Rb1 Rxc6 40. Rb7
Nd7 41. Qa8 Ncb6 42. Qa7 Rxc2 43. Rxb6 Nxb6 44. Qxb6 Rd2 45. Qb4 Rd4 46. Qb8 f3
47. g4 Rd2 48. Kg3 h6 49. h4 Rd1 50. h5 gxh5 51. gxh5 Rd4 52. Qe8 Rdf4 53. Qe6
R4f6 54. Qg4+ Kh8 55. Qc8+ Kh7 56. Qc2+ Kh8 57. Qc8+ Rf8 58. Qc6 Rg8+ 59. Kh3
Rg5 60. Qe8+ Kg7 61. Qe7+ Rf7 62. Qxd6 Rxh5+ 63. Kg3 Rg5+ 64. Kh3 Rgf5 65. Qe6
Kh7 66. Qe8 Rg7 67. Kh4 Rfg5 68. Qe6 Rg4+ 69. Kh3 R4g5 70. Kh4 Rg1 71. Qf5+ Kg8
72. Qxf3 Kh8 73. Qf8+ Kh7 74. Qf5+ Kg8 75. Qf3 R7g5 76. Qd5+ Kg7 77. Qd7+ Kf6
78. Qc6+ Kf5 79. Qf3+ Ke6 80. Qc6+ Kf5 81. Qf3+ Kg6 82. Qc6+ Kh7 83. Qd7+ Kh8
84. Qe8+ Kh7 85. Qf7+ 1/2-1/2

[Event "Schachfestival Basel"]
[Site "?"]
[Date "2017.01.04"]
[Round "4.45"]
[White "Curien, Nicolas"]
[Black "Brait, Wolfgang"]
[Result "1-0"]
[WhiteElo "2175"]
[BlackElo "1923"]
[PlyCount "61"]
[EventDate "2017.01.??"]
[EventType "swiss"]
[EventRounds "9"]

1. d4 d5 2. Bf4 Nf6 3. Nc3 e6 4. Nb5 Na6 5. a3 c6 6. Nc3 Bd6 7. e3 b6 8. Nf3
O-O 9. Ne5 Qc7 10. Bd3 Bb7 11. Qf3 Nd7 12. Qh3 f5 13. Nxd7 Qxd7 14. Ne2 c5 15.
c3 Nc7 16. Bxd6 Qxd6 17. g4 g6 18. gxf5 exf5 19. Rg1 Qf6 20. Nf4 Ne6 21. Nxe6
Qxe6 22. O-O-O Rae8 23. Qh6 Re7 24. h4 Bc6 25. Qf4 Be8 26. h5 Rg7 27. hxg6 Bxg6
28. Rg5 Rgf7 29. Rdg1 Kh8 30. Rxg6 hxg6 31. Qh6+ 1-0

[Event "Schachfestival Basel"]
[Site "?"]
[Date "2017.01.04"]
[Round "4.46"]
[White "Kokje, Joris"]
[Black "Pfatteicher, Lukas"]
[Result "0-1"]
[WhiteElo "2093"]
[BlackElo "2216"]
[PlyCount "58"]
[EventDate "2017.01.??"]
[EventType "swiss"]
[EventRounds "9"]

1. d4 Nf6 2. c4 g6 3. f3 Bg7 4. e4 d6 5. Nc3 O-O 6. Nge2 Nc6 7. Be3 Na5 8. Ng3
c5 9. d5 e6 10. Qd2 exd5 11. cxd5 a6 12. O-O-O Re8 13. Bh6 Bh8 14. h4 b5 15. h5
b4 16. Nb1 Rb8 17. f4 Nxe4 18. Nxe4 Rxe4 19. hxg6 fxg6 20. Bd3 Rc4+ 21. Bxc4
Nxc4 22. Qe2 Bxb2+ 23. Kc2 Bf5+ 24. Kb3 Na3 25. Bg5 Bf6 26. Rc1 Nxb1 27. Rxb1
c4+ 28. Qxc4 Qa5 29. Qc1 Qxd5+ 0-1

[Event "Schachfestival Basel"]
[Site "?"]
[Date "2017.01.04"]
[Round "4.47"]
[White "Graeber, Fabien"]
[Black "Fehr, Axel"]
[Result "1-0"]
[WhiteElo "2073"]
[BlackElo "2148"]
[PlyCount "107"]
[EventDate "2017.01.??"]
[EventType "swiss"]
[EventRounds "9"]

1. d4 Nf6 2. c4 g6 3. Nc3 Bg7 4. e4 d6 5. f3 O-O 6. Be3 Na6 7. Qd2 e5 8. Nge2
c6 9. d5 cxd5 10. cxd5 Bd7 11. g4 Nc5 12. Ng3 Rc8 13. Be2 Qa5 14. O-O a6 15.
Rab1 Qc7 16. Rfc1 a5 17. Kg2 Ne8 18. Bb5 Bxb5 19. Nxb5 Qb6 20. Nc3 Qb4 21. h4
Nc7 22. Qe2 a4 23. Nf1 b6 24. Nd2 f5 25. a3 Qa5 26. Nc4 Qa6 27. gxf5 gxf5 28.
Nxd6 Nd3 29. Nxc8 fxe4 30. Ne7+ Kf7 31. fxe4 Kxe7 32. Rd1 Rf2+ 33. Bxf2 Nf4+
34. Kf3 Nxe2 35. d6+ Kd7 36. dxc7+ Nd4+ 37. Bxd4 exd4 38. Nd5 Be5 39. Rbc1 Bxc7
40. Rxc7+ Kd6 41. Rc6+ Kd7 42. Nb4 Qb5 43. Rxd4+ Ke8 44. e5 Qf1+ 45. Ke3 Qh3+
46. Ke4 Qg2+ 47. Kf5 Qf3+ 48. Rf4 Qh3+ 49. Kf6 Qd7 50. e6 Qe7+ 51. Ke5 Qg7+ 52.
Kd5 Qg2+ 53. Kd6 Qd2+ 54. Nd5 1-0

[Event "Schachfestival Basel"]
[Site "?"]
[Date "2017.01.04"]
[Round "4.48"]
[White "Ditter, Juergen"]
[Black "Schmider, Niklas"]
[Result "0-1"]
[WhiteElo "2140"]
[BlackElo "2065"]
[PlyCount "112"]
[EventDate "2017.01.??"]
[EventType "swiss"]
[EventRounds "9"]

1. e4 c5 2. Nf3 d6 3. d4 cxd4 4. Nxd4 Nf6 5. Nc3 a6 6. Bc4 e6 7. Bb3 Nbd7 8. f4
Nc5 9. e5 Nfd7 10. exd6 Nf6 11. Be3 Bxd6 12. Qf3 O-O 13. O-O-O Qc7 14. h3 Rb8
15. Kb1 Nxb3 16. Nxb3 b5 17. Rxd6 Qxd6 18. Bc5 Qc7 19. Bxf8 Bb7 20. Qf2 Rxf8
21. a3 Rd8 22. Rf1 Rd6 23. g4 Ne4 24. Qa7 Nxc3+ 25. bxc3 Rd7 26. Kb2 h6 27. Rf2
Rd5 28. h4 h5 29. f5 exf5 30. Rxf5 Rxf5 31. gxf5 Qc8 32. Nc5 Bf3 33. f6 gxf6
34. Nd7 Kg7 35. Qd4 Qc6 36. Nb8 Qc8 37. Nd7 Qd8 38. Kc1 Bg4 39. Nc5 Qa5 40. Qb4
Qb6 41. a4 Qc6 42. a5 f5 43. Qd4+ Kg6 44. Nd3 Kh7 45. Ne5 Qf6 46. Nf3 Qxd4 47.
Ng5+ Kg6 48. cxd4 Kf6 49. Kd2 Ke7 50. Ke3 f6 51. Nh7 f4+ 52. Kxf4 Bd1 53. c3
Bc2 54. Ng5 fxg5+ 55. Kxg5 Bd1 56. Kf5 Kd6 0-1

[Event "Schachfestival Basel"]
[Site "?"]
[Date "2017.01.04"]
[Round "4.49"]
[White "Ernst, Heinz"]
[Black "Ramaraju, N."]
[Result "0-1"]
[WhiteElo "1998"]
[BlackElo "2124"]
[PlyCount "40"]
[EventDate "2017.01.??"]
[EventType "swiss"]
[EventRounds "9"]

1. d4 e6 2. c4 Nf6 3. Nc3 Bb4 4. Qc2 b6 5. Bg5 h6 6. Bh4 Bb7 7. f3 c5 8. a3 Ba5
9. dxc5 bxc5 10. e3 Nc6 11. Bd3 Ne5 12. Rd1 Ba6 13. b3 Qb6 14. Bxf6 gxf6 15. f4
Nxd3+ 16. Qxd3 Qxb3 17. Nge2 d5 18. O-O Bxc4 19. Qb1 Qxb1 20. Rxb1 Bxc3 0-1

[Event "Schachfestival Basel"]
[Site "?"]
[Date "2017.01.04"]
[Round "4.50"]
[White "Schultze, Joerg Martin"]
[Black "Martig, Markus"]
[Result "1-0"]
[WhiteElo "1984"]
[BlackElo "2104"]
[PlyCount "119"]
[EventDate "2017.01.??"]
[EventType "swiss"]
[EventRounds "9"]

1. d4 Nf6 2. c4 e6 3. Nc3 Bb4 4. Qc2 O-O 5. a3 Bxc3+ 6. Qxc3 b6 7. Nf3 Bb7 8.
g3 d6 9. Bg2 Nbd7 10. O-O c5 11. Rd1 Qc7 12. b4 Ne4 13. Qd3 cxd4 14. Nxd4 Ne5
15. Qc2 d5 16. Bf4 g5 17. cxd5 Qxc2 18. Nxc2 gxf4 19. Bxe4 f5 20. gxf4 Ng6 21.
Bf3 Nxf4 22. Ne3 e5 23. Ng2 Nh3+ 24. Kf1 e4 25. Bh5 Rad8 26. Rac1 Bxd5 27. Rc3
e3 28. Nxe3 Be4 29. Rxd8 Rxd8 30. Ke1 Nf4 31. Bf3 Bxf3 32. exf3 Re8 33. Kd2
Rd8+ 34. Kc2 Ne2 35. Rd3 Rc8+ 36. Kb2 Nf4 37. Rd7 a5 38. Nxf5 Kf8 39. Nh6 Ke8
40. Rd6 a4 41. Rd4 Nh3 42. f4 Nxf2 43. Rd2 Rc6 44. Nf5 Nh3 45. Nd4 Rc4 46. f5
Kf7 47. Nb5 Rf4 48. Nd4 Kf6 49. Kc3 Nf2 50. Kc4 Ne4 51. Re2 Nd6+ 52. Kd5 Nxf5
53. Re6+ Kg5 54. Nxf5 Rxf5+ 55. Re5 h5 56. Rxf5+ Kxf5 57. Kc6 Kg4 58. Kxb6 Kh3
59. Ka5 Kxh2 60. b5 1-0

[Event "Schachfestival Basel"]
[Site "?"]
[Date "2017.01.04"]
[Round "4.52"]
[White "Ditzler, Juerg"]
[Black "Kopylov, Daniel"]
[Result "0-1"]
[WhiteElo "2052"]
[BlackElo "2003"]
[PlyCount "72"]
[EventDate "2017.01.??"]
[EventType "swiss"]
[EventRounds "9"]

1. Nf3 d5 2. d4 e6 3. c4 c6 4. Nc3 dxc4 5. a4 Bb4 6. e3 b5 7. Bd2 a5 8. axb5
Bxc3 9. Bxc3 cxb5 10. b3 Bb7 11. bxc4 b4 12. Bd2 Nd7 13. Be2 Ngf6 14. O-O O-O
15. Ne1 Qc7 16. Rc1 Rfb8 17. c5 Bc6 18. Bf3 a4 19. Nc2 b3 20. Nb4 Be4 21. c6
Nb6 22. Be2 b2 23. Rb1 Bxb1 24. Qxb1 a3 25. e4 h6 26. Ba6 Nc8 27. Bb7 Rxb7 28.
cxb7 Qxb7 29. f3 Ra4 30. Qc2 Rxb4 31. Bxb4 Qxb4 32. Qxc8+ Kh7 33. Qc2 a2 34.
e5+ g6 35. Qc7 Ne8 36. Qxf7+ Ng7 0-1

[Event "Schachfestival Basel"]
[Site "?"]
[Date "2017.01.05"]
[Round "5.1"]
[White "Safarli, Eltaj"]
[Black "Donchenko, Alexander"]
[Result "1-0"]
[WhiteElo "2686"]
[BlackElo "2559"]
[PlyCount "37"]
[EventDate "2017.01.??"]
[EventType "swiss"]
[EventRounds "9"]

1. e4 c5 2. Nf3 d6 3. Nc3 Nf6 4. e5 dxe5 5. Nxe5 Nbd7 6. d4 cxd4 7. Qxd4 e6 8.
Be3 Bc5 9. Qd2 Bxe3 10. Qxe3 Qc7 11. Nc4 O-O 12. O-O-O a6 13. Qg3 Qc5 14. Nd6
Nb6 15. Nce4 Nxe4 16. Nxe4 Qc6 17. Nf6+ Kh8 18. Nh5 Rg8 19. Rd8 1-0

[Event "Schachfestival Basel"]
[Site "?"]
[Date "2017.01.05"]
[Round "5.2"]
[White "Gao, Rui"]
[Black "Bai, Jinshi"]
[Result "1/2-1/2"]
[WhiteElo "2544"]
[BlackElo "2560"]
[PlyCount "42"]
[EventDate "2017.01.??"]
[EventType "swiss"]
[EventRounds "9"]

1. e4 e5 2. Nc3 Nf6 3. g3 d5 4. exd5 Nxd5 5. Bg2 Nxc3 6. bxc3 Bd6 7. Nf3 Nc6 8.
O-O O-O 9. d4 Bg4 10. h3 Bh5 11. g4 Bg6 12. Rb1 exd4 13. Nxd4 Bc5 14. Rxb7 Nxd4
15. cxd4 Bxd4 16. Rb5 c6 17. Bxc6 Qd6 18. Bxa8 Qg3+ 19. Kh1 Qxh3+ 20. Kg1 Qg3+
21. Kh1 Qh3+ 1/2-1/2

[Event "Schachfestival Basel"]
[Site "?"]
[Date "2017.01.05"]
[Round "5.3"]
[White "Svane, Rasmus"]
[Black "Chu, Wei Chao"]
[Result "1-0"]
[WhiteElo "2560"]
[BlackElo "2289"]
[PlyCount "77"]
[EventDate "2017.01.??"]
[EventType "swiss"]
[EventRounds "9"]

1. d4 Nf6 2. c4 c5 3. Nf3 cxd4 4. Nxd4 e5 5. Nb5 d5 6. cxd5 Bc5 7. N5c3 O-O 8.
g3 Qb6 9. e3 Bg4 10. Be2 Bxe2 11. Qxe2 e4 12. a3 Re8 13. Nd2 Nbd7 14. g4 Ne5
15. Ndxe4 Nxe4 16. Nxe4 Qb3 17. Nxc5 Qxd5 18. e4 Qxc5 19. Be3 Qc4 20. f3 Nd3+
21. Kf1 b5 22. Rd1 Rad8 23. Rd2 h5 24. h3 h4 25. Rg1 Rd7 26. Rc2 Qe6 27. Kg2
Red8 28. Rd2 f6 29. Rgd1 Qe5 30. Kf1 Qg3 31. Qg2 Qe5 32. Qe2 Qg3 33. Qg2 Qe5
34. Qh2 Qe6 35. Qe2 Qb3 36. e5 fxe5 37. Bg5 e4 38. Bxd8 Nf4 39. Qxe4 1-0

[Event "Schachfestival Basel"]
[Site "?"]
[Date "2017.01.05"]
[Round "5.4"]
[White "Van Foreest, Jorden"]
[Black "Deepan Chakkravarthy, J."]
[Result "1-0"]
[WhiteElo "2612"]
[BlackElo "2485"]
[PlyCount "109"]
[EventDate "2017.01.??"]
[EventType "swiss"]
[EventRounds "9"]

1. d4 Nf6 2. Nf3 g6 3. Nc3 d5 4. Bf4 Bg7 5. e3 O-O 6. Be2 c5 7. dxc5 Ne4 8.
Nxd5 Bxb2 9. Nc7 Nc3 10. Qxd8 Rxd8 11. Nxa8 Nc6 12. Bc7 Rf8 13. Rd1 Nxd1 14.
Kxd1 Be6 15. Kd2 Rxa8 16. Rb1 Ba3 17. Ng5 Bxa2 18. Rxb7 Nd8 19. Rb5 h6 20. Kc3
hxg5 21. Bxd8 Rxd8 22. Ra5 Rc8 23. Rxa3 Rxc5+ 24. Kd2 Bd5 25. Rxa7 Bxg2 26.
Rxe7 Rf5 27. Ke1 Rc5 28. Bd3 g4 29. Ra7 Kf8 30. Ra4 Bf3 31. Bc4 Bc6 32. Rb4 Bf3
33. Kf1 Rh5 34. Kg1 Rc5 35. Bb3 Ke7 36. Ra4 Rc7 37. h3 Bd1 38. Ra1 Bf3 39. hxg4
Bxg4 40. Kf1 Be6 41. Bxe6 Kxe6 42. Rc1 Ke5 43. Ke2 g5 44. c4 Ke4 45. c5 Rc6 46.
f3+ Kd5 47. e4+ Kd4 48. Rd1+ Kc4 49. Kf2 Rf6 50. Rd6 Rf4 51. c6 Kc5 52. c7 Kxd6
53. c8=Q Ke7 54. Qg8 f6 55. Ke3 1-0

[Event "Schachfestival Basel"]
[Site "?"]
[Date "2017.01.05"]
[Round "5.5"]
[White "Kevlishvili, Robby"]
[Black "Bauer, Christian"]
[Result "0-1"]
[WhiteElo "2417"]
[BlackElo "2635"]
[PlyCount "48"]
[EventDate "2017.01.??"]
[EventType "swiss"]
[EventRounds "9"]

1. e4 c5 2. Nf3 Nc6 3. d4 cxd4 4. Nxd4 Qb6 5. Nb3 Nf6 6. Nc3 e6 7. Qe2 Bb4 8.
Bd2 O-O 9. a3 Bxc3 10. Bxc3 e5 11. O-O-O a5 12. Nd2 Qc7 13. Qf3 d6 14. Qg3 Be6
15. Bb5 Rfc8 16. Qd3 Na7 17. Ba4 d5 18. exd5 Nxd5 19. Ne4 Nf4 20. Qd6 Ne2+ 21.
Kb1 Qc4 22. Bb3 Qxe4 23. Bxe6 Nxc3+ 24. bxc3 fxe6 0-1

[Event "Schachfestival Basel"]
[Site "?"]
[Date "2017.01.05"]
[Round "5.6"]
[White "Alvarez Marquez, Johan"]
[Black "Heimann, Andreas"]
[Result "1/2-1/2"]
[WhiteElo "2404"]
[BlackElo "2603"]
[PlyCount "117"]
[EventDate "2017.01.??"]
[EventType "swiss"]
[EventRounds "9"]

1. d4 Nf6 2. c4 g6 3. Nc3 d5 4. Nf3 Bg7 5. e3 O-O 6. Qb3 dxc4 7. Bxc4 c5 8.
dxc5 Qa5 9. O-O Qxc5 10. Bd2 Nc6 11. Qb5 Qf5 12. Bd3 Qxb5 13. Bxb5 Rd8 14. Rfd1
Bd7 15. Be1 a6 16. Be2 Bf5 17. Rac1 h6 18. Kf1 g5 19. h3 Rac8 20. Rxd8+ Rxd8
21. Rd1 Rxd1 22. Bxd1 Ne4 23. Nxe4 Bxe4 24. Bc3 Bxc3 25. bxc3 Na5 26. h4 Bd5
27. hxg5 hxg5 28. Nxg5 Bxa2 29. Ne4 b6 30. Nd2 Nc4 31. Ke2 Nb2 32. Bb3 Bxb3 33.
Nxb3 f6 34. Kd2 Kf7 35. Kc2 Nc4 36. Kd3 Ne5+ 37. Kd4 Ke6 38. c4 Nc6+ 39. Kd3
Ne5+ 40. Kd4 Nc6+ 41. Kd3 Kd6 42. f4 f5 43. e4 e6 44. exf5 exf5 45. Kc3 a5 46.
c5+ bxc5 47. Kc4 a4 48. Nxc5 Na5+ 49. Kb4 Nc6+ 50. Kc4 Na5+ 51. Kb4 a3 52. Nb3
Nxb3 53. Kxb3 Kd5 54. Kxa3 Ke4 55. Kb4 Kxf4 56. Kc5 Kg3 57. Kd5 Kxg2 58. Ke5 f4
59. Kxf4 1/2-1/2

[Event "Schachfestival Basel"]
[Site "?"]
[Date "2017.01.05"]
[Round "5.7"]
[White "Kunin, Vitaly"]
[Black "Antal, Tibor Kende"]
[Result "1-0"]
[WhiteElo "2576"]
[BlackElo "2420"]
[PlyCount "143"]
[EventDate "2017.01.??"]
[EventType "swiss"]
[EventRounds "9"]

1. e4 c5 2. Nf3 d6 3. c3 Nf6 4. Bd3 d5 5. e5 Nfd7 6. Bc2 Nc6 7. d4 e6 8. a3 a5
9. Be3 Qb6 10. b3 f6 11. exf6 Nxf6 12. O-O Bd6 13. dxc5 Bxc5 14. Bxc5 Qxc5 15.
b4 Qd6 16. b5 Ne5 17. Nxe5 Qxe5 18. Re1 Qc7 19. Qd4 O-O 20. Nd2 Bd7 21. b6 Qc6
22. Re3 Rac8 23. Nb3 e5 24. Rxe5 Qxc3 25. Bd1 Qxd4 26. Nxd4 Rc4 27. Nb3 Rfc8
28. Bf3 a4 29. Na5 Rc1+ 30. Re1 Rxa1 31. Rxa1 Rc5 32. Nxb7 Rb5 33. Bd1 Rxb6 34.
Nc5 Be8 35. Nxa4 Rb5 36. Nc3 Rb2 37. Ra2 Rxa2 38. Nxa2 Kf7 39. Kf1 Ke6 40. Bf3
Ke5 41. Ke1 g5 42. g3 Kd4 43. Kd2 Ne4+ 44. Bxe4 Kxe4 45. Nc3+ Kf3 46. Nxd5 Kxf2
47. Nf6 Bc6 48. Nxh7 Kg2 49. Ke3 Kxh2 50. Kf2 Kh3 51. Nxg5+ Kg4 52. Ne6 Bb5 53.
Nd4 Ba4 54. Ne2 Bc6 55. Nc3 Kf5 56. a4 Ke5 57. Ke3 Bd7 58. a5 Bc8 59. Na4 Ba6
60. Nc5 Bb5 61. a6 Kd6 62. Kd4 Kc7 63. a7 Bc6 64. g4 Kb6 65. g5 Kxa7 66. g6 Be8
67. g7 Bf7 68. Ke5 Kb8 69. Kf6 Bg8 70. Ne6 Kb7 71. Ke7 Kc6 72. Ng5 1-0

[Event "Schachfestival Basel"]
[Site "?"]
[Date "2017.01.05"]
[Round "5.8"]
[White "Abasov, Nijat Azad"]
[Black "Akshat, Kamparia"]
[Result "1-0"]
[WhiteElo "2561"]
[BlackElo "2358"]
[PlyCount "93"]
[EventDate "2017.01.??"]
[EventType "swiss"]
[EventRounds "9"]

1. e4 c5 2. c3 d5 3. exd5 Qxd5 4. Nf3 g6 5. d4 Bg7 6. Na3 cxd4 7. Bc4 Qe4+ 8.
Be3 Nh6 9. Nb5 O-O 10. cxd4 Na6 11. Nc3 Qc6 12. Qb3 Nf5 13. O-O Nd6 14. Be2 Nc7
15. Rfd1 e6 16. Rac1 Nd5 17. Ne5 Qb6 18. Nxd5 exd5 19. Qxd5 Be6 20. Qc5 Qxc5
21. dxc5 Nf5 22. Nc4 Nxe3 23. fxe3 Rad8 24. b4 b5 25. Nd6 a6 26. Rd2 Be5 27.
Bf3 Rd7 28. Bc6 Rc7 29. Bd5 Bxd6 30. Bxe6 Bxc5 31. Rxc5 Rxc5 32. Bxf7+ Kxf7 33.
bxc5 Ke6 34. Rd6+ Ke5 35. Rxa6 Ke4 36. Ra5 Kxe3 37. Rxb5 Ra8 38. Rb7 Rxa2 39.
Re7+ Kf4 40. Rxh7 Rc2 41. Rf7+ Kg5 42. Rc7 Kf4 43. c6 g5 44. Rf7+ Ke3 45. Re7+
Kf4 46. c7 g4 47. Kf1 1-0

[Event "Schachfestival Basel"]
[Site "?"]
[Date "2017.01.05"]
[Round "5.9"]
[White "Schroeder, Jan Christian"]
[Black "Seul, Georg"]
[Result "1-0"]
[WhiteElo "2550"]
[BlackElo "2405"]
[PlyCount "87"]
[EventDate "2017.01.??"]
[EventType "swiss"]
[EventRounds "9"]

1. e4 e5 2. Nf3 Nc6 3. Bb5 a6 4. Ba4 Nf6 5. O-O Be7 6. Re1 b5 7. Bb3 d6 8. c3
O-O 9. h3 Na5 10. Bc2 c5 11. d4 Nd7 12. Nbd2 exd4 13. cxd4 Nc6 14. d5 Nce5 15.
a4 Bb7 16. Nxe5 Nxe5 17. f4 Nd7 18. Nf3 Re8 19. b3 Bf6 20. Rb1 g6 21. Bd3 Qb6
22. Kh2 Bg7 23. Qd2 Nf6 24. Bb2 Bc8 25. Bc2 Qd8 26. Bc3 Ra7 27. Rbd1 b4 28. Ba1
Rd7 29. g4 Bb7 30. Qf2 Rde7 31. Qh4 Nxd5 32. Bxg7 Kxg7 33. f5 f6 34. g5 fxg5
35. Qxg5 Nf6 36. e5 Kg8 37. fxg6 h6 38. Qxf6 Rf8 39. Qxd6 Qe8 40. Rd3 Rxf3 41.
Rxf3 Bxf3 42. Bd3 Bb7 43. Bc4+ Kh8 44. Rf1 1-0

[Event "Schachfestival Basel"]
[Site "?"]
[Date "2017.01.05"]
[Round "5.10"]
[White "Beukema, Stefan"]
[Black "Korpa, Bence"]
[Result "1-0"]
[WhiteElo "2398"]
[BlackElo "2473"]
[PlyCount "63"]
[EventDate "2017.01.??"]
[EventType "swiss"]
[EventRounds "9"]

1. e4 c5 2. Nf3 Nc6 3. d4 cxd4 4. Nxd4 e6 5. c4 Nf6 6. Nc3 Qc7 7. Be3 a6 8. Rc1
Bb4 9. f3 d5 10. cxd5 exd5 11. Nxc6 bxc6 12. a3 Bd6 13. Nxd5 Nxd5 14. exd5 Qe7
15. Kf2 cxd5 16. Qxd5 Rb8 17. b4 O-O 18. Bd3 Re8 19. Qe4 Qxe4 20. Bxe4 Bb7 21.
Bxb7 Rxb7 22. Rc6 Bb8 23. Rxa6 Rbe7 24. Re1 Bxh2 25. Bd2 Be5 26. f4 Bd4+ 27.
Kf1 Rxe1+ 28. Bxe1 h5 29. b5 Re4 30. Bd2 Be3 31. Bxe3 Rxe3 32. b6 1-0

[Event "Schachfestival Basel"]
[Site "?"]
[Date "2017.01.05"]
[Round "5.11"]
[White "Low, Zhen Yu Cyrus"]
[Black "Pelletier, Yannick"]
[Result "1/2-1/2"]
[WhiteElo "2245"]
[BlackElo "2576"]
[PlyCount "66"]
[EventDate "2017.01.??"]
[EventType "swiss"]
[EventRounds "9"]

1. e4 e6 2. d4 d5 3. Nc3 Nf6 4. e5 Nfd7 5. f4 c5 6. Nf3 Be7 7. Be3 b6 8. Be2
Nc6 9. Qd2 O-O 10. O-O f5 11. exf6 Nxf6 12. Kh1 Qc7 13. f5 Ne4 14. Nxe4 dxe4
15. Bf4 Qd8 16. Bb5 Bb7 17. Ng5 Nxd4 18. Nxe6 Nxe6 19. fxe6 Qd5 20. Bd7 Rf6 21.
Qxd5 Bxd5 22. Be5 Rxf1+ 23. Rxf1 Rf8 24. Rxf8+ Kxf8 25. b3 c4 26. Kg1 Bf6 27.
Bd6+ Be7 28. Be5 g6 29. Kf1 e3 30. Bf4 Bf6 31. Bd6+ Be7 32. Bf4 Bf6 33. Bd6+
Be7 1/2-1/2

[Event "Schachfestival Basel"]
[Site "?"]
[Date "2017.01.05"]
[Round "5.12"]
[White "Bellahcene, Bilel"]
[Black "Nandhidhaa, PV."]
[Result "1-0"]
[WhiteElo "2493"]
[BlackElo "2268"]
[PlyCount "97"]
[EventDate "2017.01.??"]
[EventType "swiss"]
[EventRounds "9"]

1. e4 c5 2. Nf3 e6 3. c4 a6 4. d4 cxd4 5. Nxd4 Nf6 6. Nc3 Qc7 7. Be2 b6 8. f4
d6 9. Be3 Bb7 10. Bf3 Nbd7 11. O-O Nc5 12. Qc2 Rc8 13. Rac1 Be7 14. f5 O-O 15.
fxe6 fxe6 16. b4 e5 17. Nf5 Ne6 18. Nd5 Nxd5 19. exd5 Nf4 20. Bxf4 exf4 21. Nd4
b5 22. c5 dxc5 23. Ne6 Qe5 24. Rfe1 Qf6 25. bxc5 Rfe8 26. Qd2 Ba8 27. d6 Bxf3
28. gxf3 Qg6+ 29. Qg2 Bxd6 30. Qxg6 Bxc5+ 31. Rxc5 hxg6 32. Rxc8 Rxc8 33. Nxf4
Rc3 34. Kf2 Kf7 35. Re7+ Kxe7 36. Nd5+ Kd6 37. Nxc3 b4 38. Ne2 a5 39. Ke3 Kd5
40. Kd3 g5 41. Ng1 a4 42. Nh3 Ke5 43. Nxg5 Kf4 44. Ne6+ Kxf3 45. Nxg7 Kg4 46.
Ne6 Kh3 47. Nc5 b3 48. a3 Kxh2 49. Nxa4 1-0

[Event "Schachfestival Basel"]
[Site "?"]
[Date "2017.01.05"]
[Round "5.13"]
[White "Warmerdam, Max"]
[Black "Karthikeyan, P."]
[Result "0-1"]
[WhiteElo "2350"]
[BlackElo "2488"]
[PlyCount "68"]
[EventDate "2017.01.??"]
[EventType "swiss"]
[EventRounds "9"]

1. e4 c5 2. Nf3 d6 3. d4 cxd4 4. Nxd4 Nf6 5. Nc3 g6 6. Be3 Bg7 7. f3 O-O 8. Qd2
Nc6 9. Bc4 Bd7 10. O-O-O Rc8 11. Bb3 Nxd4 12. Bxd4 b5 13. Nd5 Nxd5 14. Bxg7
Kxg7 15. exd5 a5 16. a3 b4 17. axb4 axb4 18. Qxb4 Rc5 19. Rhe1 Re8 20. Re3 Qc7
21. g4 Rc8 22. Rd2 Qa7 23. Qd4+ Kg8 24. c3 Qa1+ 25. Kc2 Rb8 26. Rd1 Qa6 27. Qf4
Qb7 28. c4 Ba4 29. Rdd3 Rbc8 30. Kb1 Qa7 31. Ba2 Bc2+ 32. Kxc2 Qxa2 33. Rc3
Rxc4 34. Qe4 R8c7 0-1

[Event "Schachfestival Basel"]
[Site "?"]
[Date "2017.01.05"]
[Round "5.14"]
[White "Collins, Sam"]
[Black "Haag, Gregor"]
[Result "1-0"]
[WhiteElo "2455"]
[BlackElo "2251"]
[PlyCount "75"]
[EventDate "2017.01.??"]
[EventType "swiss"]
[EventRounds "9"]

1. e4 e5 2. Nc3 Nf6 3. g3 d5 4. exd5 Nxd5 5. Bg2 Nxc3 6. bxc3 Nc6 7. Nf3 Bc5 8.
O-O O-O 9. Re1 Bg4 10. h3 Bh5 11. g4 Bg6 12. Nxe5 Nxe5 13. Rxe5 Bd6 14. Rd5 Qh4
15. d3 f5 16. gxf5 Bxf5 17. Rd4 Qf6 18. Qf3 Be5 19. Bg5 Qf7 20. Rc4 Rae8 21.
Re1 Qg6 22. Bf4 Bd7 23. Rxe5 Rxe5 24. Qxb7 Re1+ 25. Kh2 Be6 26. Qxc7 Bxc4 27.
Qxc4+ Kh8 28. Qb4 Qf7 29. Bg3 Re2 30. c4 Rxc2 31. c5 Rd8 32. c6 Rxd3 33. Qb8+
Qg8 34. c7 h6 35. Be4 Rdc3 36. Bd5 Qxb8 37. cxb8=Q+ Rc8 38. Qxa7 1-0

[Event "Schachfestival Basel"]
[Site "?"]
[Date "2017.01.05"]
[Round "5.15"]
[White "Meier, Volker"]
[Black "Filipovic, Branko"]
[Result "1/2-1/2"]
[WhiteElo "2284"]
[BlackElo "2402"]
[PlyCount "113"]
[EventDate "2017.01.??"]
[EventType "swiss"]
[EventRounds "9"]

1. Nf3 Nf6 2. c4 b6 3. g3 Bb7 4. Bg2 g6 5. O-O Bg7 6. Nc3 O-O 7. d4 Ne4 8. Nxe4
Bxe4 9. b3 c5 10. Bb2 Nc6 11. e3 d5 12. Ne5 Nxe5 13. dxe5 Bxg2 14. Kxg2 dxc4
15. bxc4 Qc7 16. f4 Rfd8 17. Qc2 Qc6+ 18. Kf2 Rd7 19. Rad1 Rad8 20. Bc3 Qe6 21.
Rxd7 Rxd7 22. Qe2 f6 23. exf6 Bxf6 24. Rc1 Qe4 25. Bxf6 exf6 26. Qc2 Rd3 27.
Qe2 h5 28. h4 Kg7 29. Qe1 Ra3 30. Qd2 Rd3 31. Qe1 Qe6 32. Qe2 Qd7 33. Rc2 Rd1
34. Qf3 Qd3 35. Qe2 Qd7 36. Qf3 Rd3 37. Qe2 a6 38. Ke1 f5 39. Rc1 Kf7 40. Rb1
b5 41. cxb5 axb5 42. Rb3 Rxb3 43. axb3 Qc6 44. Qd3 Ke6 45. Qd8 c4 46. Qg8+ Kd7
47. Qg7+ Kc8 48. bxc4 bxc4 49. Kd2 Qd5+ 50. Kc2 Qd3+ 51. Kb2 Qb3+ 52. Kc1 c3
53. Qf8+ Kb7 54. Qg7+ Ka8 55. Qh8+ Ka7 56. Qg7+ Ka6 57. Qf6+ 1/2-1/2

[Event "Schachfestival Basel"]
[Site "?"]
[Date "2017.01.05"]
[Round "5.16"]
[White "Gomes, Mary Ann"]
[Black "Anwesh, Upadhyaya"]
[Result "1/2-1/2"]
[WhiteElo "2299"]
[BlackElo "2384"]
[PlyCount "80"]
[EventDate "2017.01.??"]
[EventType "swiss"]
[EventRounds "9"]

1. Nf3 d5 2. c4 e6 3. b3 Nf6 4. g3 a5 5. Ba3 Bxa3 6. Nxa3 Qe7 7. Nc2 e5 8. cxd5
Nxd5 9. Bg2 c5 10. d3 O-O 11. O-O Rd8 12. Qc1 b6 13. Ne3 Bb7 14. Nc4 Nd7 15. a4
f6 16. Nfd2 Rab8 17. Qb2 Nf8 18. Rad1 Ba8 19. Nb1 Ne6 20. Rfe1 Nd4 21. e3 Ne6
22. d4 cxd4 23. exd4 exd4 24. Rxd4 Qf7 25. Rdd1 Nc5 26. Nc3 Nb4 27. Rxd8+ Rxd8
28. Bxa8 Nbd3 29. Qe2 Rxa8 30. Rd1 Re8 31. Qf3 Ne5 32. Nxe5 fxe5 33. Qxf7+ Kxf7
34. Rb1 Rc8 35. b4 axb4 36. Rxb4 Nd3 37. Rb3 Nc1 38. Ne4 Rc6 39. Rb5 Nd3 40. a5
bxa5 1/2-1/2